[Event "GER-ch Net blitz qual4"]
[Site "Playchess.com INT"]
[Date "2021.05.10"]
[Round "10"]
[White "Schwierskott, Marc"]
[Black "Seidentopf, Daniel"]
[Result "1/2-1/2"]
[WhiteElo "1961"]
[BlackElo "2104"]
[PlyCount "50"]
[EventDate "2021.05.10"]
[EventType "swiss (blitz)"]
[EventRounds "11"]
[EventCountry "GER"]
[SourceTitle "CBM 202 Extra"]
[Source "ChessBase"]
[SourceDate "2021.07.31"]
[SourceVersion "1"]
[SourceVersionDate "2021.07.31"]
[SourceQuality "1"]

1. c4 f5 2. Nf3 Nf6 3. g3 g6 4. b3 Bg7 5. Bb2 0-0 6. Bg2 d6 7. d4 Ne4 8. 0-0 Nc6 9. Nbd2 Nxd2 10. Qxd2 e5 11. dxe5 dxe5 12. Rad1 Qe7 13. e3 Be6 14. Bc3 Rfd8 15. Qb2 e4 16. Nd4 Ne5 17. Nxe6 Qxe6 18. Bxe5 Bxe5 19. Qc2 Kf7 20. Rxd8 Rxd8 21. Rd1 Rd6 22. Bf1 Qd7 23. Be2 c5 24. Rxd6 Qxd6 25. Qd1 Qxd1+ 1/2-1/2